000 01279nam0a22003371 4500
001 RU\NLR\INFOCOMM_161\5000082191
005 20250613100119.0
035 _a(NLR Aleph) 009328473
090 _a9439012
_c9439012
100 _a20101002d1967 |||y0rusy50 ca
101 0 _aeng
102 _aRU
105 _ay ||||000|y
200 1 _aˆThe ‰ideological challenge in tropical Africa and cultural traditions
_fB. S. Yerasov
210 _aM.
_d1967
215 _a15 с.
_d21 см
225 1 _aPapers presented by the USSR delegation
_fII International congress of africanists
309 _aОтпеч. множит. аппаратом
320 _aБиблиогр. в примеч.: с. 14
607 _aАфрика, экваториальная
_xКультура
_2nlr_sh1
607 _aАфрика, экваториальная
_xОбщественная мысль
_z20 в.
_2nlr_sh1
686 _aИ7-600
_2rubbk
686 _aˆ[‰Т3(634)63-7]
_2rubbk
700 1 _9z02790
_aErasov
_bB. S.
_gBoris Sergeevič
_4070
712 1 2 _aInternational congress of africanists
_bUSSR delegation
_d2
_eDakar
_f1967
_4570
790 1 _9z02700
_aYerasov
_bB. S.
_4070
801 1 _aRU
_bNLR
_c20101002
801 0 _aRU
_bNLR
_gPSBO
852 _aNLR
_jИ87 Д-4/4
942 _cBOOK
980 _aNB